Les surnoms de 79 pays - Statistiques

Statistiques générales
  • Ce quiz a été pris 182 fois
    138 depuis la dernière actualisation
  • Le résultat moyen est 88 sur 124
Statistiques - réponses
Surnom Pays % Correct
Amérique | Outre-Atlantique | Pays de l'Oncle Sam | States Etats-Unis
97%
Fille ainée de l'Eglise | Hexagone | Pays du fromage France
96%
Botte | Pays de Dante Italie
95%
Archipel nippon | Pays du soleil levant | Prusse de l'Asie Japon
95%
Cinquième continent | Oz | Pays des antipodes | Pays des kangourous Australie
93%
Empire céleste | Empire du milieu Chine
93%
Etat hébreu | Pays où coulent le lait et le miel | Terre promise Israël
91%
Grand ours | Mère patrie | Pays des Tsars Russie
91%
Terre des pharaons Egypte
89%
Hollande | Pays des tulipes Pays-Bas
89%
Pays à la feuille d'érable Canada
88%
Ile d'émeraude | Pays du trèfle | Tigre celtique | Verte Erin Irlande
88%
Pays des fjords | Pays du soleil de minuit | Pétromonarchie du Nord Norvège
88%
Château d'eau de l'Europe | Confédération helvétique | Pays des Helvètes | Pays du chocolat Suisse
88%
Pays de Cervantès | Pays des Ibères Espagne
87%
Pays d'outre-Rhin | Pays de Goethe Allemagne
86%
Pays du thé Royaume-Uni
84%
Grenier à blé de l'Europe | Petite Russie Ukraine
84%
Perse Iran
83%
Pays d'outre-Quiévrain | Pays du surréalisme | Plat pays Belgique
81%
Sous-continent Inde
81%
Pays des fennecs Algérie
80%
Pays des kiwis | Pays du long nuage blanc | Pays à la fougère argentée Nouvelle-Zélande
80%
Pays de Dracula Roumanie
80%
Pays des 1000 lacs Finlande
78%
Extrême Occident | Pays du couchan lointain | Royaume chérifien Maroc
78%
Nation arc-en-ciel Afrique-du-Sud
77%
Pays des oeillets Portugal
75%
Abyssinie | Toit de l'Afrique Ethiopie
74%
Saint-Siège Vatican
74%
Toit du monde Népal
73%
Sublime Porte Turquie
73%
Grande Ile | Ile rouge Madagascar
72%
Pays aux yeux bleus | Russie blanche | Ruthénie Biélorussie
70%
Pays du matin calme | Terre de 3000 lis Corée
69%
Pays des deux fleuves Irak
69%
Pays des Cèdres | Suisse de l'Orient Liban
68%
Larme de l'Inde Sri Lanka
67%
Pays du jasmin | Verte Tunisie
66%
Igaunie | Tigre de la Baltique Estonie
65%
Pays des Magyars Hongrie
65%
Ile d'Aphrodite Chypre
63%
Forteresse des Balkans | Pays des aigles Albanie
61%
Grand-duché Luxembourg
61%
Suisse d'Amérique du sud Uruguay
61%
Suisse de l'Amérique centrale Costa Rica
59%
Christ des Nations Pologne
59%
Perfide Albion Angleterre
58%
Rocher Monaco
58%
Pays de la Téranga Sénégal
58%
Pays des hommes libres | Pays du sourire Thaïlande
58%
Etat des masses Libye
56%
Perle des Antilles Haïti
55%
Pays du ciel bleu Mongolie
54%
Prusse des Balkans Bulgarie
52%
Pays des poètes Chili
52%
Pays des 1000 collines Rwanda
51%
Pays du million d'éléphants Laos
50%
Suisse de l'Asie Singapour
50%
Royaume hachémite Jordanie
48%
Cimetière des empires Afghanistan
45%
Afrique en miniature | Triangle d'Afrique Centrale Cameroun
45%
Mont noir Monténégro
45%
Perle des mers d'Orient Philippines
43%
Ile soeur Maurice
42%
Patrie de Noé Arménie
39%
Pays des hommes intègres Burkina Faso
37%
Coeur de l'Afrique | Pays aux 1001 collines Burundi
37%
Petite Suisse de l'Afrique Togo
37%
Pays aux 1000 ethnies Gabon
35%
Royaume dans les nuages Lesotho
35%
Pays de l'éternel printemps Guatemala
34%
Enfant malade de l'Afrique | Quartier latin de l'Afrique Bénin
32%
Ile des amis Tonga
30%
Archipel des navigateurs Samoa
27%
Royaume ermite Corée-du-Nord
26%
Ile agréable Nauru
20%
Aucun quiz correspondant
Distribution des résultats
% des personnes avec chaque résultat
Percentile par nombre de réponses
Votre historique - résultats
Vous n’avez pas pris ce quiz depuis la dernière actualisation